| 000 | 00941nam a2200277 i 4500 | ||
|---|---|---|---|
| 001 | 129540 | ||
| 003 | ES-MaACL | ||
| 005 | 20250815112602.0 | ||
| 007 | t| | ||
| 008 | 070626s1961 sp ||||1| spa d | ||
| 080 | _a616(04) | ||
| 080 | _a577.1(04) | ||
| 080 | _a616-008.9 | ||
| 100 | 1 |
_aThompson, Robert Henry Stewart. _9110101 |
|
| 245 | 1 | 0 |
_aTrastornos bioquímicos en la clínica humana / _cR.H.S. Thompson y E.J. King ; versión española de Vicente Villar Palasí y Juan Villar Palasí. |
| 260 |
_aMadrid : _bAguilar, _c1961. |
||
| 300 |
_aXX, 927 p. : _bil. ; _c24 cm. |
||
| 650 | 1 | 7 |
_aMedicina clínica _2embne _914921 |
| 650 | 1 | 4 |
_aMetabolismo- _xTrastornos. _915011 |
| 650 | 1 | 7 |
_aBioquímica _2embne _9136796 |
| 700 | 1 |
_aVillar Palasí, Vicente. _9115099 |
|
| 700 | 1 |
_aVillar Palasí, Juan. _9115098 |
|
| 700 | 1 |
_aKing, Earl Judson. _968053 |
|
| 852 |
_aES-MaACL _jA-3950 _bR.48049 |
||
| 999 |
_c129540 _d129540 |
||